History of Design (Record no. 8113)

MARC details
000 -CABECERA
campo de control de longitud fija 01022nam a2200241 a 4500
001 - NÚMERO DE CONTROL
campo de control BRCA_8446
005 - FECHA Y HORA DE LA ÚLTIMA TRANSACCIÓN
campo de control 20190320210302.0
008 - DATOS DE LONGITUD FIJA--INFORMACIÓN GENERAL
campo de control de longitud fija 061115s2013----nyua######---#000-0#eng-#
020 ## - NÚMERO INTERNACIONAL ESTÁNDAR DEL LIBRO
Número Internacional Estándar del Libro 9780300196146
041 ## - CÓDIGO DE LENGUA
Código de lengua del texto/banda sonora o título independiente nyu
044 ## - CÓDIGO DEL PAÍS DE LA ENTIDAD EDITORA/PRODUCTORA
Código MARC del país eng
050 #4 - SIGNATURA TOPOGRÁFICA DE LA BIBLIOTECA DEL CONGRESO
Número de clasificación NK600
Número de documento/Ítem .H57 2013
245 10 - MENCIÓN DE TÍTULO
Título History of Design
Resto del título decorative arts and material culture, 1400-2000
Mención de responsabilidad, etc. Pat Kirkham, Susan Weber, editors, The Bard Graduate Center ; project editor, Heather Jane McCormick ; with contributions by John Robert Alderman ... [et al.].
260 ## - PUBLICACIÓN, DISTRIBUCIÓN, ETC.
Lugar de publicación, distribución, etc. Nueva York
Nombre del editor, distribuidor, etc. Bard Graduate Center: Decorative Arts, Design History, Material Culture ; New Haven : Yale University Press
Fecha de publicación, distribución, etc. [2013]
300 ## - DESCRIPCIÓN FÍSICA
Extensión xiii, 698 p.
Otras características físicas il. a color, mapas
Dimensiones 31 cm.
504 ## - NOTA DE BIBLIOGRAFÍA, ETC.
Nota de bibliografía, etc. Incluye referencias bibliográficas e índice
650 14 - PUNTO DE ACCESO ADICIONAL DE MATERIA--TÉRMINO DE MATERIA
Término de materia o nombre geográfico como elemento de entrada Artes decorativas
Subdivisión general Historia
9 (RLIN) 21147
700 1# - PUNTO DE ACCESO ADICIONAL--NOMBRE DE PERSONA
Nombre de persona Kirkham, Pat
Término indicativo de función/relación ed.
9 (RLIN) 21148
700 1# - PUNTO DE ACCESO ADICIONAL--NOMBRE DE PERSONA
Nombre de persona Weber, Susan
Fechas asociadas al nombre 1954-
Término indicativo de función/relación ed.
9 (RLIN) 21149
700 1# - PUNTO DE ACCESO ADICIONAL--NOMBRE DE PERSONA
Nombre de persona McCormick, Heather Jane
9 (RLIN) 21150
700 1# - PUNTO DE ACCESO ADICIONAL--NOMBRE DE PERSONA
Nombre de persona Alderman, John Robert
9 (RLIN) 21151
942 ## - ELEMENTOS DE PUNTO DE ACCESO ADICIONAL (KOHA)
Fuente del sistema de clasificación o colocación Library of Congress Classification
Tipo de ítem Koha Libros
Holdings
Estado de retiro Estado de pérdida Estado dañado No para préstamo Localización permanente Ubicación/localización actual Fecha de adquisición Total de préstamos Signatura topográfica completa Código de barras Fecha visto por última vez Precio válido a partir de Tipo de ítem Koha
El ejemplar forma parte de la colección y puede ser consultado según las políticas vigentes.       Biblioteca del Museo Franz Mayer (Rogerio Casas-Alatriste) Biblioteca del Museo Franz Mayer (Rogerio Casas-Alatriste) 26/10/2015   NK600 .H57 2013 02892 22/03/2019 22/03/2019 Libros